000 nam a22 a 4500
999 _c461908
_d461908
003 BLK
005 20220617110544.0
008 180411b bul|||||r ||||||| ||bul||
040 _aBLK
041 _aBUL
_cBUL
080 _aКомунистически партии. Вж и 327.323
_b329.15
_z329.15(47+57)
_x(47+57)
080 _aГрузински революционер
_b929 Орджоникидзе, Григории Константинович
_z929 Орджоникидзе, Григории Константинович
100 _aДубински-Мухадзе, И. М.
_eпърви автор
_9476475
139 _aДубински-Мухадзе, И. М.
245 _aОрджоникидзе
_bБиография
_cИ. Дубински-Мухадзе, Прев. Магдалена Атанасова
257 _aSUN
260 _aСофия
_bБКП
_c1968
_9212206
_fСофия : Д. Благоев
300 _a376 с.
_bс портр. и ил.
_c21 см
380 _a9
500 _a4100 тир.
600 0 _9443361
_aОрджоникидзе, Григорий Константинович
650 0 _aКомунистически партии - Русия
_9246680
653 7 _aбиографии
_9181990
653 0 _aпартийни дейци
_9474406
700 _9368678
_aАтанасова, Магдалена
_eпрев. от рус.
852 _aЦб 46176
_bЦб
856 4 _qpdf
856 4 _qpdf
942 _cKNG
_n0
_s1
944 _aCR
_c2022-06-17
_kир